Normal view
MARC view
- Electronic books
Entry Genre/Form Term
001 - CONTROL NUMBER
- control field: 86395
003 - CONTROL NUMBER IDENTIFIER
- control field: NUST
005 - DATE AND TIME OF LATEST TRANSACTION
- control field: 20211210124059.0
008 - FIXED-LENGTH DATA ELEMENTS
- fixed length control field: 211210|| aca||aabn | a|a d
040 ## - CATALOGING SOURCE
- Original cataloging agency: NUST
- Transcribing agency: NUST
155 ## - HEADING--GENRE/FORM TERM
- Genre/form term: Electronic books
670 ## - SOURCE DATA FOUND
- Source citation: Work cat.: (NUST)32504: Cheremisinoff, Nicholas P. 86389, Materials selection deskbook /, ©1996.
